A way with words resource Park 2
সংরক্ষণ করুন:
| প্রধান লেখক: | |
|---|---|
| বিন্যাস: | গ্রন্থ |
| ভাষা: | Undetermined |
| প্রকাশিত: |
Cambridge Unversity Press
1997
|
| বিষয়গুলি: | |
| ট্যাগগুলো: |
ট্যাগ যুক্ত করুন
কোনো ট্যাগ নেই, প্রথমজন হিসাবে ট্যাগ করুন!
|
| Thư viện lưu trữ: | Trung tâm Học liệu Trường Đại học Cần Thơ |
|---|
| LEADER | 00462nam a2200157Ia 4500 | ||
|---|---|---|---|
| 001 | CTU_52086 | ||
| 008 | 210402s9999 xx 000 0 und d | ||
| 020 | |b 408000 | ||
| 082 | |a 428.24 | ||
| 082 | |b R318/T2 | ||
| 100 | |a Stuart Redman | ||
| 245 | 2 | |a A way with words resource Park 2 | |
| 260 | |b Cambridge Unversity Press | ||
| 260 | |c 1997 | ||
| 650 | |a english language - textbooks for foreign speakers | ||
| 980 | |a Trung tâm Học liệu Trường Đại học Cần Thơ | ||